Statistics for Guess the Location #4

Click here to take the quiz!

General Stats

  • This quiz has been taken 44 times
  • The average score is 11 of 15

Answer Stats

Populated PlacesSovereign
State?
ContinentFirst
Letter
Location Name% Correct
Tartu, Narva, Kohtla-JärveYEuropeEEstonia
98%
Espoo, Tampere, VantaaYEuropeFFinland
98%
Marseille, Lyon, ToulouseYEuropeFFrance
98%
Milan, Naples, TurinYEuropeIItaly
98%
New Kingston, Spanish Town, PortmoreYN. Amer.JJamaica
98%
Gaza, Khan Yunis, JabalyaY (but controls no territory)AsiaPPalestine
93%
Maribor, Celje, KranjYEuropeSSlovenia
90%
Esch-sur-Alzette, Dudelange, SchifflangeYEuropeLLuxembourg
88%
Rundu, Walvis Bay, OshakatiYAfricaNNamibia
88%
León, Masaya, ChinandegaYN. Amer.NNicaragua
79%
Catalan Bay, Hardy Town, Sandy BayNEuropeGGibraltar
62%
Castletown, Peel, RamseyNEuropeIIsle of Man
60%
Ville-ès-Nouaux, Longueville, MillbrookNEuropeJJersey
50%
Spanish Town, Belle Vue, The SettlementNN. Amer.BBritish Virgin Islands
14%
Midway Atoll, Wake Island, Kingman ReefNOceania,
N. Amer.
UUnited States Minor Outlying Islands
12%

Score Distribution

Percentile by Number Answered

Percent of People with Each Score

Your Score History

You have not taken this quiz